000 00298nam a22001337a 4500
008 170210b xxu||||| |||| 00| 0 eng d
020 _a157013037X
041 _aeng
080 _a61
100 _a4
101 _aSHM
245 _aCOLOR ATLAS OF RESPIRATORY DISEASE
_cHORTON, J.D
942 _2udc
_cBK
999 _c5150
_d5150